Представление документа в формате RUSMARC

ПолеНазваниеЗначение
  Тип записи a
  Библиографический уровень m
001 Контрольный номер b12fbf4e098f4cc18754564b19fb078e
005 Дата корректировки 20140625095110.5
010 Индекс ISBN __
a ISBN 5-9811-024-8
200 Заглавие и сведения об ответственности 1_
a Заглавие Федеральный закон о рынке ценных бумаг
e Сведения, относящиеся к заглавию офиц.текст
210 Выходные данные 1_
a Место издания М.
c Издательство Омега-Л
d Дата издания 2003
215 Физическое описание __
a Объем 68 с.
610 Ключевые слова 0_
a Ключевые слова федеральный закон
610 Ключевые слова 0_
a Ключевые слова рынок ценных бумаг
610 Ключевые слова 0_
a Ключевые слова ценные бумаги
610 Ключевые слова 0_
a Ключевые слова закон
610 Ключевые слова 0_
a Ключевые слова финансовое право
610 Ключевые слова 0_
a Ключевые слова нормативный акт
686 Индексы других классификаций __
a Классификационный индекс 67.622-32
2 Код системы rubbk
686 Индексы других классификаций __
a Классификационный индекс 65.9(2)262.2
2 Код системы rubbk
801 Источник записи _0
a Страна RU
b Организация РУК
c Дата составления 20041105
g Правила каталогизации PSBO
801 Источник записи _1
a Страна RU
b Организация РУК
c Дата составления 20041105
g Правила каталогизации PSBO
852 Данные о местонахождении __
i Авторский знак Ф32
j Шифр хранения ББК 67
901 Тип документа __
t Тип документа m
938 Служебная информация __
a Название организации Головной вуз
b Имя БД BOOK
c Название АИБС АИБС ИРБИС